LEADER 00992nam0-22003371i-450- 001 990003224070403321 010 $a0-88132-040-4 035 $a000322407 035 $aFED01000322407 035 $a(Aleph)000322407FED01 035 $a000322407 100 $a20000920d1986----km-y0itay50------ba 101 0 $aita 102 $aIT 200 1 $aTrade Protection in the United States$e31 Case Studies$fGary Clyde Hufbauer, Diane T.Berliner, Kimberly Ann Elliott. 210 $aWashington$cInstitute for International Economics$d1986. 215 $aX, 361 p.$d22 cm 676 $aF/1.221 676 $aO/3.30 676 $aO/3.32 702 1$aBerliner,$bDiane T. 702 1$aElliott,$bKimberly Ann 702 1$aHufbauer,$bGary Clyde$f<1939- > 801 0$aIT$bUNINA$gRICA$2UNIMARC 901 $aBK 912 $a990003224070403321 952 $aF/1.221 HUF$b7804$fSES 959 $aSES 996 $aTrade Protection in the United States$9454671 997 $aUNINA DB $aING01 LEADER 04788nam 22008055 450 001 9910831816203321 005 20240529201722.0 010 $a9783839461303 010 $a3839461308 024 7 $a10.1515/9783839461303 035 $a(CKB)5840000000023027 035 $a(DE-B1597)617172 035 $a(DE-B1597)9783839461303 035 $a(OCoLC)1322124031 035 $a(ScCtBLL)9abf0cb4-c189-4107-bf28-5914a9d382de 035 $a(Perlego)3042096 035 $a(EXLCZ)995840000000023027 100 $a20220524h20222022 fg 101 0 $aeng 135 $aur||#|||||||| 181 $ctxt$2rdacontent 182 $cc$2rdamedia 183 $acr$2rdacarrier 200 00$aBeyond Narrative $eExploring Narrative Liminality and Its Cultural Work /$fed. by Sebastian M. Herrmann, Katja Kanzler, Stefan Schubert 210 1$aBielefeld :$ctranscript Verlag,$d[2022] 210 4$d©2022 215 $a1 online resource (270 p.) 225 0 $aEdition Kulturwissenschaft ;$v268 327 $tFrontmatter --$tContents --$tAcknowledgments --$tBorderlands of Narrativity --$tNumbers, Literature, Aesthetics --$tThe Data of Life and the Life of Data --$tThe Potentialities of Data --$tUnnecessary Complications? --$tNarrative Liminality, Ambient Operations, and the Database Western in Rockstar Games' Red Dead Redemption Videogames --$tDetecting Liminality --$t"To Live Your Life Again, Turn to Page 1" --$tMultimodality as a Limit of Narrative in Mark Z. Danielewski's The Familiar --$tThe Poetics and Politics of Staring --$t"No Show Dissed Quite Like This One" --$tRepetition, Rhythm, and Recital --$tHome Front Autobiographies of the 'War on Terror' --$tForm and/in Modernity --$tEmbodying Narrative, Staging Icons --$tNarrating Authorship --$tEndings and Sustainability --$tContributors 330 $aWhat are the ?borderlands of narrativity? - the complex and culturally productive area where the symbolic form of narrative meets other symbolic logics, such as data(base), play, spectacle, or ritual? The contributors open up a conversation about the ?beyond? of narrative, about the myriad constellations in which narrativity interlaces with, rubs against, or morphs into the principles of other forms. To conceptualize these borderlands, the book introduces the notion of »narrative liminality,« which the 16 articles utilize to engage literature, popular culture, digital technology, historical artifacts, and other kinds of texts from a time span of close to 200 years. 410 $aEdition Kulturwissenschaft 606 $aLITERARY CRITICISM / American / General$2bisacsh 610 $aAmerican Studies. 610 $aComic. 610 $aComputer Games. 610 $aCulture. 610 $aData. 610 $aLiterary Studies. 610 $aMedia. 610 $aNarrative. 610 $aPopular Culture. 610 $aTelevision. 615 7$aLITERARY CRITICISM / American / General. 676 $a801.95 702 $aBeck$b Michaela$4ctb$4https://id.loc.gov/vocabulary/relators/ctb 702 $aDomsch$b Sebastian$4ctb$4https://id.loc.gov/vocabulary/relators/ctb 702 $aDorson$b James$4ctb$4https://id.loc.gov/vocabulary/relators/ctb 702 $aGerund$b Katharina$4ctb$4https://id.loc.gov/vocabulary/relators/ctb 702 $aGurevitch$b Leon$4ctb$4https://id.loc.gov/vocabulary/relators/ctb 702 $aHerrmann$b Sebastian M.$4ctb$4https://id.loc.gov/vocabulary/relators/ctb 702 $aHerrmann$b Sebastian M.$4edt$4http://id.loc.gov/vocabulary/relators/edt 702 $aKanzler$b Katja$4ctb$4https://id.loc.gov/vocabulary/relators/ctb 702 $aKanzler$b Katja$4edt$4http://id.loc.gov/vocabulary/relators/edt 702 $aLee$b Maurice S.$4ctb$4https://id.loc.gov/vocabulary/relators/ctb 702 $aLevine$b Caroline$4ctb$4https://id.loc.gov/vocabulary/relators/ctb 702 $aLink$b Sarah J.$4ctb$4https://id.loc.gov/vocabulary/relators/ctb 702 $aMeyer$b Christina$4ctb$4https://id.loc.gov/vocabulary/relators/ctb 702 $aPo?hlmann$b Sascha$4ctb$4https://id.loc.gov/vocabulary/relators/ctb 702 $aSchober$b Regina$4ctb$4https://id.loc.gov/vocabulary/relators/ctb 702 $aSchoppmeier$b Sören$4ctb$4https://id.loc.gov/vocabulary/relators/ctb 702 $aSchubert$b Stefan$4ctb$4https://id.loc.gov/vocabulary/relators/ctb 702 $aSchubert$b Stefan$4edt$4http://id.loc.gov/vocabulary/relators/edt 702 $aWegner$b Gesine$4ctb$4https://id.loc.gov/vocabulary/relators/ctb 712 02$aUniversita?t Leipzig (1991- ),$4fnd$4http://id.loc.gov/vocabulary/relators/fnd 801 0$bDE-B1597 801 1$bDE-B1597 906 $aBOOK 912 $a9910831816203321 996 $aBeyond Narrative$92843152 997 $aUNINA